[Event "Berlin Lichtenrade op 15th"]
[Site "Berlin"]
[Date "2019.10.12"]
[Round "1"]
[White "Noeldner, Julian"]
[Black "Al Ahmad, Khaled"]
[Result "1-0"]
[WhiteElo "2051"]
[BlackElo "1718"]
[PlyCount "31"]
[EventDate "2019.10.12"]
[EventType "swiss"]
[EventRounds "9"]
[EventCountry "GER"]
[SourceTitle "CBM 195 Extra"]
[Source "ChessBase"]
[SourceDate "2020.05.31"]
[SourceVersion "1"]
[SourceVersionDate "2020.05.31"]
[SourceQuality "1"]

1. g3 g6 2. Bg2 Bg7 3. d4 d5 4. Nf3 Nf6 5. 0-0 0-0 6. c4 c6 7. Nbd2 Na6 8. b3 Bf5 9. Bb2 Qc8 10. Re1 Nb4 11. Nh4 Nc2 12. Nxf5 Nxe1 13. Nxe7+ Kh8 14. Nxc8 Nxg2 15. Nd6 Rab8 16. Kxg2 1-0